[Event "Patras op"]
[Site "Patras"]
[Date "2002.08.08"]
[Round "9.36"]
[White "Fourfouris, Nikos"]
[Black "Tsagaris, Iraklis"]
[Result "1/2-1/2"]
[WhiteElo "1575"]
[BlackElo "1245"]
[PlyCount "62"]
[EventDate "2002.08.??"]
[EventType "swiss"]
[EventRounds "9"]
[EventCountry "GRE"]
[SourceTitle "CBM 089 Extra"]
[Source "ChessBase"]
[SourceDate "2002.09.10"]
[SourceVersion "2"]
[SourceVersionDate "2002.09.10"]
[SourceQuality "1"]

1. c4 e5 2. Nc3 Nf6 3. g3 Nc6 4. Bg2 Bc5 5. Nf3 0-0 6. 0-0 d6 7. h3 Be6 8. d3 h6 9. a3 a5 10. Bd2 e4 11. dxe4 Bxc4 12. Rc1 Ba6 13. Qc2 Nh5 14. Kh2 Bd4 15. Nxd4 Nxd4 16. Qd1 Bc4 17. Be3 Nb3 18. Rc2 a4 19. Nd5 Na5 20. Qd4 c5 21. Qc3 Re8 22. g4 Bxd5 23. exd5 Nf6 24. Qd3 Qe7 25. Bf4 Ra6 26. Qb5 Nb3 27. e3 Qd7 28. Qxd7 Nxd7 29. Rd1 b5 30. Bf1 Rb6 31. f3 g5 1/2-1/2

[Event "Patras op"]
[Site "Patras"]
[Date "2002.08.05"]
[Round "6.38"]
[White "Tsagaris, Iraklis"]
[Black "Kouloumpis, Gerasimos"]
[Result "1/2-1/2"]
[WhiteElo "1245"]
[BlackElo "1640"]
[PlyCount "61"]
[EventDate "2002.08.??"]
[EventType "swiss"]
[EventRounds "9"]
[EventCountry "GRE"]
[SourceTitle "CBM 089 Extra"]
[Source "ChessBase"]
[SourceDate "2002.09.10"]
[SourceVersion "2"]
[SourceVersionDate "2002.09.10"]
[SourceQuality "1"]

1. c4 c5 2. Nc3 Nc6 3. g3 g6 4. Bg2 Bg7 5. Nf3 Nf6 6. 0-0 0-0 7. d3 Re8 8. a3 Rb8 9. Bd2 b6 10. Rb1 Bb7 11. e3 d5 12. Ne2 Qc7 13. b4 cxb4 14. axb4 dxc4 15. dxc4 Rbd8 16. Qc2 Ne5 17. Nxe5 Bxg2 18. Kxg2 Qxe5 19. Rfd1 Ne4 20. Be1 f5 21. Nd4 Qf6 22. Nb5 Qc6 23. Kg1 Ng5 24. h4 Nf3+ 25. Kf1 Nh2+ 26. Kg1 Nf3+ 27. Kf1 a6 28. Na3 Ne5 29. Kg1 Nf3+ 30. Kf1 e5 31. c5 1/2-1/2

[Event "Patras op"]
[Site "Patras"]
[Date "2002.08.02"]
[Round "2.23"]
[White "Tsagaris, Iraklis"]
[Black "Koukoufikis, Georgios"]
[Result "0-1"]
[WhiteElo "1245"]
[BlackElo "2142"]
[PlyCount "36"]
[EventDate "2002.08.??"]
[EventType "swiss"]
[EventRounds "9"]
[EventCountry "GRE"]
[SourceTitle "CBM 089 Extra"]
[Source "ChessBase"]
[SourceDate "2002.09.10"]
[SourceVersion "2"]
[SourceVersionDate "2002.09.10"]
[SourceQuality "1"]

1. c4 g6 2. e4 Bg7 3. d4 d6 4. Nf3 Nf6 5. Nc3 0-0 6. Be2 e5 7. dxe5 dxe5 8. Qxd8 Rxd8 9. Nxe5 Nxe4 10. Nxe4 Bxe5 11. 0-0 Nc6 12. Rd1 Bf5 13. Ng3 Nd4 14. Rd2 Bf4 15. Rd1 Nxe2+ 16. Kf1 Rxd1+ 17. Kxe2 Rxc1 18. Rxc1 Bxc1 0-1